Влияние пористости на электрическую прочность твердых диэлектриков; Электричество; № 5

Detalles Bibliográficos
Parent link:Электричество/ Академия наук СССР (АН СССР).— , 1886-.— 0013-5380
№ 5.— 1953.— С. 28-29
Autor Principal: Завадовская Е. К.
Idioma:ruso
Publicado: 1953
Subjects:
Formato: MixedMaterials Capítulo de libro
KOHA link:https://koha.lib.tpu.ru/cgi-bin/koha/opac-detail.pl?biblionumber=461655

MARC

LEADER 00000naa2a2200000 4500
001 461655
005 20241226134808.0
035 |a (RuTPU)RU\TPU\prd\125703 
035 |a RU\TPU\tpu\4268 
090 |a 461655 
100 |a 20111124d1953 k||y0rusy50 ca 
101 0 |a rus 
102 |a RU 
200 1 |a Влияние пористости на электрическую прочность твердых диэлектриков  |f Е. К. Завадовская 
461 |0 (RuTPU)RU\TPU\prd\447  |x 0013-5380  |t Электричество  |f Академия наук СССР (АН СССР)  |d 1886- 
463 |0 (RuTPU)RU\TPU\prd\125701  |t № 5  |v С. 28-29  |d 1953 
610 1 |a электричество 
610 1 |a труды учёных ТПУ 
610 1 |a диэлектрики 
610 1 |a пробой 
700 1 |a Завадовская  |b Е. К. 
801 0 |a RU  |b 63413507  |c 20011210  |g PSBO 
801 2 |a RU  |b 63413507  |c 20111124  |g PSBO 
942 |c CR